Statistics for Asian Countries in their Native Language

Click here to take the quiz!

General Stats

  • This quiz has been taken 31 times
  • The average score is 42 of 47

Answer Stats

CountryEnglish% Correct
AzərbaycanAzerbaijan
100%
BruneiBrunei
100%
Timor-LesteEast Timor
100%
IndonesiaIndonesia
100%
ҚазақстанKazakhstan
100%
КыргызстанKyrgyzstan
100%
MalaysiaMalaysia
100%
PilipinasPhilippines
100%
SingapuraSingapore
100%
TürkiyeTurkey
100%
TürkmenistanTurkmenistan
100%
OʻzbekistonUzbekistan
100%
Việt NamVietnam
100%
中国China
96%
भारतIndia
96%
日本Japan
96%
ТоҷикистонTajikistan
96%
বাংলাদেশBangladesh
92%
יִשְׂרָאֵלIsrael
92%
ລາວLaos
92%
북한North Korea
92%
한국South Korea
92%
臺灣Taiwan
92%
ประเทศไทยThailand
92%
الإمارات العربية المتحدةUnited Arab Emirates
92%
འབྲུག་ཡུལ་Bhutan
88%
საქართველოGeorgia
88%
ایران‎Iran
88%
ՀայաստանիArmenia
85%
الْعِرَاق‎Iraq
85%
Монгол УлсMongolia
85%
السعوديةSaudi Arabia
85%
កម្ពុជាCambodia
81%
ΚύπροςCyprus
81%
नेपालNepal
81%
عُمَانOman
81%
ශ්‍රී ලංකාවSri Lanka
81%
ٱلْيَمَنYemen
81%
الأردنJordan
77%
ދިވެހިރާއްޖެMaldives
77%
افغانستانAfghanistan
73%
البحرينBahrain
73%
الكويتKuwait
73%
قطر‎Qatar
73%
سُورِيَاSyria
73%
پاکستانPakistan
69%
لُبْنَانLebanon
62%

Score Distribution

Percentile by Number Answered

Percent of People with Each Score

Your Score History

You have not taken this quiz